Five patients : (Record no. 9784)
[ view plain ]
| 000 -LEADER | |
|---|---|
| fixed length control field | 00745cam a2200265 4500 |
| 001 - CONTROL NUMBER | |
| control field | 1306353 |
| 003 - CONTROL NUMBER IDENTIFIER | |
| control field | SISC |
| 005 - DATE AND TIME OF LATEST TRANSACTION | |
| control field | 20160204134925.0 |
| 008 - FIXED-LENGTH DATA ELEMENTS--GENERAL INFORMATION | |
| fixed length control field | 700610s1970 nyu b 000 0 eng |
| 010 ## - LIBRARY OF CONGRESS CONTROL NUMBER | |
| LC control number | 77106624 |
| 040 ## - CATALOGING SOURCE | |
| Original cataloging agency | DLC |
| Transcribing agency | DLC |
| Modifying agency | DLC |
| 050 00 - LIBRARY OF CONGRESS CALL NUMBER | |
| Classification number | RA 982.B7 |
| Item number | .C928 1970 |
| 082 00 - DEWEY DECIMAL CLASSIFICATION NUMBER | |
| Classification number | HS 362.1 |
| Item number | C86 1970 |
| 100 1# - MAIN ENTRY--PERSONAL NAME | |
| Personal name | Crichton, Michael |
| Dates associated with a name | 1942-2008. |
| 9 (RLIN) | 15041 |
| 245 10 - TITLE STATEMENT | |
| Title | Five patients : |
| Remainder of title | the hospital explained / |
| 250 ## - EDITION STATEMENT | |
| Edition statement | [1st ed.] |
| 260 ## - PUBLICATION, DISTRIBUTION, ETC. (IMPRINT) | |
| Place of publication, distribution, etc | New York : |
| Name of publisher, distributor, etc | Ballantine Books, |
| Date of publication, distribution, etc | c1970. |
| 300 ## - PHYSICAL DESCRIPTION | |
| Extent | 231 p. : |
| Dimensions | 20 cm. |
| 350 ## - PRICE (NR) (BK AM CF MU VM SE) [OBSOLETE] | |
| Price | 5.95 |
| 610 20 - SUBJECT ADDED ENTRY--CORPORATE NAME | |
| Corporate name or jurisdiction name as entry element | Massachusetts General Hospital. |
| 9 (RLIN) | 15042 |
| 650 #0 - SUBJECT ADDED ENTRY--TOPICAL TERM | |
| Topical term or geographic name as entry element | Hospital care. |
| 9 (RLIN) | 15043 |
| 906 ## - LOCAL DATA ELEMENT F, LDF (RLIN) | |
| a | 7 |
| b | cbc |
| c | orignew |
| d | u |
| e | ncip |
| f | 19 |
| g | y-gencatlg |
| 942 ## - ADDED ENTRY ELEMENTS (KOHA) | |
| Source of classification or shelving scheme | Library of Congress Classification |
| Koha item type | Books |
| Withdrawn status | Lost status | Source of classification or shelving scheme | Damaged status | Home library | Current library | Shelving location | Date acquired | Total Checkouts | Full call number | Barcode | Date last seen | Copy number | Price effective from | Koha item type |
|---|---|---|---|---|---|---|---|---|---|---|---|---|---|---|
| Library of Congress Classification | Luxembourg Library | Luxembourg Library | High School Section | 08/29/2013 | RA 982.B7 .C928 1970 | 9508 | 05/25/2015 | 1 | 08/29/2013 | Books |